000 00774nam a2200253 i 4500
001 C2-0220314
003 PPAK
005 20180728150447.0
008 990918s1980 ja a|||| ||||| | eng d
020 _a0870114034
040 _aPPAK
_beng
_cPPAK
_erda
082 0 4 _a746.0952
_223
090 0 0 _a746.0952
_bTEX
_dR
245 0 0 _aTextile Designs Of Japan :
_bGeometric Designs
264 1 _aTokyo, Japan :
_bKodansha International Ltd. ,
_c1980
300 _a83 pages :
_billustrations ;
_c36 cm
336 _2rdacontent
_atext
337 _2rdamedia
_aunmediated
338 _2rdacarrier
_avolume
500 _aVollume 2
650 1 0 _aTextile design - Japan ; Textile Fabrics - Japan
700 0 _aThe Japan Textile Color Design Center,
_ecompile
942 _ddc
_cB
999 _c142455
_d142455